Maintenance programmes (Record no. 90066)

MARC details
000 -LEADER
fixed length control field 00644cam a2200229 4500
008 - FIXED-LENGTH DATA ELEMENTS--GENERAL INFORMATION
fixed length control field 090401t1986 xxu||||| |||| 00| 0 eng d
020 ## - INTERNATIONAL STANDARD BOOK NUMBER
International Standard Book Number 0946700354
035 ## - SYSTEM CONTROL NUMBER
System control number (Sirsi) u35201
041 ## - LANGUAGE CODE
Language code of text/sound track or separate title eng
050 ## - LIBRARY OF CONGRESS CALL NUMBER
Classification number 658.202
100 ## - MAIN ENTRY--PERSONAL NAME
Personal name Grover, R.J.
245 ## - TITLE STATEMENT
Title Maintenance programmes
260 ## - PUBLICATION, DISTRIBUTION, ETC.
Place of publication, distribution, etc. London
Name of publisher, distributor, etc. Henry Stewart Publications
Date of publication, distribution, etc. 1986
300 ## - PHYSICAL DESCRIPTION
Extent 62p. ; 22cm.
350 ## - PRICE (NR) (BK AM CF MU VM SE) [OBSOLETE]
Price 0
490 ## - SERIES STATEMENT
Series statement Henry Stewart Briefings for Surveyors
Volume/sequential designation 13
520 ## - SUMMARY, ETC.
Summary, etc. Published jointly with Portsmouth Polytechnic Department of Surveying .
650 ## - SUBJECT ADDED ENTRY--TOPICAL TERM
Topical term or geographic name entry element LIFE CYCLE COSTING
650 ## - SUBJECT ADDED ENTRY--TOPICAL TERM
Topical term or geographic name entry element PLANNED MAINTENANCE
942 ## - ADDED ENTRY ELEMENTS (KOHA)
Suppress in OPAC 0
948 ## - LOCAL PROCESSING INFORMATION (OCLC); SERIES PART DESIGNATOR (RLIN)
c (OCLC) 04/03/1997
Holdings
Withdrawn status Lost status Source of classification or shelving scheme Damaged status Not for loan Home library Current library Shelving location Date acquired Total Checkouts Full call number Barcode Date last seen Date last checked out Copy number Price effective from Koha item type
    Dewey Decimal Classification     London London Basement 14/09/1999 7 BASEMENT 30006501 06/08/2019 02/06/2006 1 06/08/2019 Book